| 000 | 01732cam a22004214i 4500 | ||
|---|---|---|---|
| 003 | PE-LiUPU | ||
| 005 | 20250731173220.0 | ||
| 008 | 150625s1917 dcua r 000 0 eng d | ||
| 035 | _a(Sirsi) a33595 | ||
| 040 |
_aPE-LiUPU _bspa _cPE-LiUPU _dPE-LiUPU _erda |
||
| 049 | _aPRUA | ||
| 082 | 0 | 4 |
_a236.8676 _bS75 _221 |
| 100 | 1 |
_aSpicer, W. A., _eautor. |
|
| 245 | 1 | 0 |
_aOur day in the light of prophecy / _cW. A. Spicer. |
| 264 | 1 |
_aWashington D.C. : _bReview and Herald Publishing, _c1917. |
|
| 300 |
_a380 páginas : _bilustraciones ; _c20 centímetros |
||
| 336 |
_atext _2rdacontent |
||
| 337 |
_aunmediated _2rdamedia |
||
| 338 |
_avolume _2rdacarrier |
||
| 505 | 0 | _aThe book that speaks to our day -- The witness of the centuries -- Prophetic outline of the world's history -- The second coming of Christ -- Signs of the approaching end -- The Lisbon earthquake of 1755 -- The dark day of 1780 -- The falling stars of 1833 -- The meaning of present-day conditions -- The historic prophecy of Daniel 7 -- The 1260 years of Daniel's prophecy -- Dawn of a new era -- The work of the "little horn" power -- The Bible sabbath. | |
| 526 | _aSEG42 | ||
| 526 | _aSEG41 | ||
| 526 | _aSEG40 | ||
| 526 | _aSEG39 | ||
| 526 | _aP94 | ||
| 526 | _aP87 | ||
| 526 | _aP86 | ||
| 526 | _aP85 | ||
| 526 | _aP77 | ||
| 526 | _aP76 | ||
| 526 | _aP35 | ||
| 650 | 0 | 4 |
_aAdventistas del Séptimo Día _xDoctrinas. |
| 942 |
_2ddc _cBOOK |
||
| 994 |
_aC0 _bPEPRU |
||
| 596 | _a1 | ||
| 999 |
_a236.8676 S75 _wDEWEY _c41359 _i00453 _f2021-11-11 _g5 _lCCODEBUL1 _mBUL _p30.00 _r0 _sY _tBOOK _u2015-6-25 _xTEOLOGIA _PP35 _0COMPRA _o.STAFF. Colección Teología _d41359 |
||
| 980 |
_81 _gALBERTO SANCHEZ Responsable de Automatización |
||